LEADER 01078nam a2200265 i 4500 001 000000224661 003 CaOOAMICUS 005 20200518155156.0 008 131107s2003 it u000 u ita u 013 $a203559 020 $a88-430-2617-8 040 $aSeMil$bita 100 1 $aNavarrini, Gianmarco.$0(OLS)http://semarc/name/78194 245 12$aL'ordine che scorre :$bintroduzione allo studio dei rituali /$cGianmarco Navarrini. 260 $aRoma :$bCarocci,$c2003. 300 $a269 p. ;$c22 cm. 650 4$aRiti - Aspetti socio-culturali.$0(OLS)http://semarc/subject/10598 830 0$aStudi superiori ;$v430.$0(OLS)http://semarc/title/11925 850 $aSeMil 852 $aSeMil$W1$xVenegono$y1$m3N V 595$j175007$B175007$CSeMilBibl$Z2$F186297 $81 961 $aOmaggio: Bressan don Luca 996 $6020$a88-430-2617-8$9(OLS)http://semarc/number/225247 996 $6245$aL'ordine che scorre :$bintroduzione allo studio dei rituali$9(OLS)http://semarc/title/321956 996 $6260$aRoma :$bCarocci$9(OLS)http://semarc/publisher/31977 LEADER 01093nam a2200229 i 4500 001 000000192817 003 CaOOAMICUS 005 20100930000000.0 008 100930s1999 it u000 u ita u 013 $a171451 040 $aSeMil$bita 245 12$aI colori del tempo :$bun percorso nella pittura italiana attraverso venticinque capolavori dal 14. al 18. secolo /$ca cura di Pierluigi De Vecchi ; testi di Raffaella Bentivoglio Ravasio ... [et al.]. 260 $aTorino :$bSan Paolo,$c1999. 300 $a255 p. :$briccamente ill. ;$c30 cm. 500 $aIn custodia. 700 1 $aBentivoglio Ravasio, Raffaella.$0(OLS)http://semarc/name/70259 700 1 $aDe Vecchi, Pierluigi.$0(OLS)http://semarc/name/46606 850 $aSeMil 852 $aSeMil$W1$xVenegono$y1$m5F XVI 70/1$j143392$B143392$CSeMilBibl$Z2$F154961 $8I 961 $aOmaggio: Altro 996 $6245$aI colori del tempo :$bun percorso nella pittura italiana attraverso venticinque capolavori dal 14. al 18. secolo$9(OLS)http://semarc/title/277954 996 $6260$aTorino :$bSan Paolo$9(OLS)http://semarc/publisher/39734